[Event "FIN-chT1B 1415"]
[Site "Finland"]
[Date "2015.01.10"]
[Round "5.3"]
[White "Jantti, Petri"]
[Black "Turunen, Pekka"]
[Result "1/2-1/2"]
[WhiteElo "2086"]
[BlackElo "2226"]
[PlyCount "42"]
[EventDate "2014.09.27"]
[EventType "team-tourn"]
[EventRounds "7"]
[EventCountry "FIN"]
[SourceTitle "EXT 2017"]
[Source "ChessBase"]
[SourceDate "2016.10.25"]
[SourceVersion "1"]
[SourceVersionDate "2016.10.25"]
[SourceQuality "1"]
[WhiteTeam "Mikkeli SK"]
[BlackTeam "Joensuu SK"]
[WhiteTeamCountry "FIN"]
[BlackTeamCountry "FIN"]

1. e4 c5 2. Nf3 e6 3. d4 cxd4 4. Nxd4 Nf6 5. Nc3 d6 6. Bc4 Be7 7. 0-0 0-0 8. Bb3 Nc6 9. a3 Bd7 10. Be3 Nxd4 11. Bxd4 Bc6 12. Qd3 Qa5 13. Rad1 Rfd8 14. Rfe1 d5 15. exd5 Nxd5 16. Nxd5 Bxd5 17. Qg3 Bf8 18. Re5 f6 19. Ree1 Bxb3 20. Qxb3 Qd5 21. Qxd5 Rxd5 1/2-1/2

[Event "Heart of Finland op 22nd"]
[Site "Jyvaskyla"]
[Date "2012.07.15"]
[Round "9"]
[White "Jantti, Petri"]
[Black "Chernyak, Viktoria"]
[Result "1-0"]
[WhiteElo "2099"]
[BlackElo "1887"]
[PlyCount "129"]
[EventDate "2012.07.09"]
[EventType "swiss"]
[EventRounds "9"]
[EventCountry "FIN"]
[SourceTitle "EXT 2022"]
[Source "ChessBase"]
[SourceDate "2021.10.06"]
[SourceVersion "1"]
[SourceVersionDate "2021.10.06"]
[SourceQuality "1"]

1. d4 Nf6 2. Nf3 g6 3. c4 Bg7 4. Nc3 0-0 5. g3 c5 6. d5 d6 7. Bg2 Bg4 8. Nd2 a6 9. 0-0 Qc8 10. a4 Bh3 11. e4 Bxg2 12. Kxg2 h5 13. f4 Nbd7 14. Nf3 Qc7 15. Qd3 Nh7 16. Bd2 Bf6 17. Rae1 Kg7 18. Re2 e5 19. dxe6 fxe6 20. Rfe1 Bxc3 21. Bxc3+ e5 22. Rd1 Rf6 23. Nxe5 Nxe5 24. fxe5 dxe5 25. Qd7+ Qxd7 26. Rxd7+ Rf7 27. Bxe5+ Kg8 28. Rd6 Nf8 29. Bc3 Re8 30. e5 Ne6 31. Red2 Kh7 32. Rb6 Ng5 33. Rf6 Rfe7 34. Rf4 Ne6 35. Re4 Ng5 36. Re3 Ne6 37. Rd5 Rf8 38. Rf3 Rfe8 39. h4 Kg7 40. Rfd3 Kh7 41. Rd7 Kg7 42. R3d6 Kf7 43. Kf3 Kf8 44. Ke4 Rxd7 45. Rxd7 Re7 46. Rd6 Kf7 47. Rd1 b5 48. Rf1+ Ke8 49. axb5 axb5 50. cxb5 Rb7 51. Kd5 Ke7 52. Kc6 Rc7+ 53. Kb6 Rd7 54. Rf3 g5 55. Ka6 gxh4 56. gxh4 Nc7+ 57. Kb6 Ne6 58. Rf6 Rd8 59. Ka7 Rd7+ 60. Ka6 Nc7+ 61. Ka5 Nd5 62. Rh6 Ra7+ 63. Ra6 Rb7 64. b6 Ke6 65. Kb5 1-0

[Event "Heart of Finland op 22nd"]
[Site "Jyvaskyla"]
[Date "2012.07.14"]
[Round "8"]
[White "Marjusaari, Eero"]
[Black "Jantti, Petri"]
[Result "1/2-1/2"]
[WhiteElo "2050"]
[BlackElo "2099"]
[PlyCount "72"]
[EventDate "2012.07.09"]
[EventType "swiss"]
[EventRounds "9"]
[EventCountry "FIN"]
[SourceTitle "EXT 2022"]
[Source "ChessBase"]
[SourceDate "2021.10.06"]
[SourceVersion "1"]
[SourceVersionDate "2021.10.06"]
[SourceQuality "1"]

1. e4 c5 2. Nc3 e6 3. f4 a6 4. Nf3 Nc6 5. g3 d5 6. e5 Nge7 7. Bg2 b5 8. d3 Nf5 9. 0-0 h5 10. Bh3 g6 11. Re1 Bb7 12. Ne2 d4 13. Ng5 Nb4 14. Ne4 Be7 15. Kf2 Nd5 16. Ng1 Qb6 17. Nf3 Nh6 18. Nfg5 0-0-0 19. a4 Kb8 20. axb5 axb5 21. Bd2 Nb4 22. Bxb4 cxb4 23. Qb1 Rc8 24. Re2 Bd5 25. b3 Kb7 26. Qb2 Rhd8 27. Ra2 Rc7 28. Nf3 Rcd7 29. Re1 Nf5 30. Bxf5 exf5 31. Neg5 Ra8 32. Rea1 Rxa2 33. Qxa2 Kb8 34. Qa6 Qxa6 35. Rxa6 Kb7 36. Ra2 Bc5 1/2-1/2

[Event "Heart of Finland op 22nd"]
[Site "Jyvaskyla"]
[Date "2012.07.12"]
[Round "6"]
[White "Spanton, Timothy"]
[Black "Jantti, Petri"]
[Result "0-1"]
[WhiteElo "1963"]
[BlackElo "2099"]
[PlyCount "170"]
[EventDate "2012.07.09"]
[EventType "swiss"]
[EventRounds "9"]
[EventCountry "FIN"]
[SourceTitle "EXT 2022"]
[Source "ChessBase"]
[SourceDate "2021.10.06"]
[SourceVersion "1"]
[SourceVersionDate "2021.10.06"]
[SourceQuality "1"]

1. d4 d5 2. Nf3 c6 3. e3 Nf6 4. Bd3 Bg4 5. c4 e6 6. Nc3 Nbd7 7. h3 Bh5 8. b3 Bb4 9. Bd2 Qe7 10. 0-0 0-0 11. Be2 Bd6 12. Qc2 Bg6 13. Bd3 dxc4 14. bxc4 Bxd3 15. Qxd3 e5 16. dxe5 Bxe5 17. Rab1 Nc5 18. Qf5 Bd6 19. Rfe1 Rfe8 20. Bc1 h6 21. Bb2 Rad8 22. Rbd1 Qe6 23. Qxe6 fxe6 24. e4 e5 25. Kf1 Kf7 26. Ba1 Ke6 27. Nh4 Bf8 28. Nf3 Nfd7 29. Nb1 Bd6 30. Nbd2 Nd3 31. Re3 Nb4 32. Rb3 b6 33. Rdb1 c5 34. Ra3 a5 35. Rb2 Bc7 36. Rab3 Nc6 37. Rd3 Nd4 38. Nb3 Nf6 39. Nfxd4+ exd4 40. Re2 Kf7 41. Nd2 Bf4 42. f3 Nh5 43. Re1 Be3 44. Rd1 Rd6 45. Nb1 Bf4 46. Bb2 Be5 47. Bc1 g5 48. a4 Rf6 49. Na3 Kg6 50. Nc2 Ref8 51. Rb3 Ng3+ 52. Ke1 Nxe4 53. Bd2 Bc7 54. Rdb1 Nd6 55. Na3 Bd8 56. Kf1 Re8 57. Re1 Rfe6 58. Rxe6+ Rxe6 59. Be1 Nf5 60. Bf2 h5 61. Nb1 Nd6 62. Nd2 Nf5 63. Ne4 Nd6 64. Nd2 Nf5 65. Ne4 g4 66. hxg4 hxg4 67. fxg4 Rxe4 68. gxf5+ Kxf5 69. Rf3+ Rf4 70. Ke2 Ke4 71. Bg3 Rg4 72. Kf2 Bh4 73. Bxh4 Rxh4 74. Rf6 Kd3 75. Rxb6 Kxc4 76. g3 Rh2+ 77. Kf3 Ra2 78. g4 Rxa4 79. Rb1 Ra3+ 80. Ke4 Re3+ 81. Kf5 Rg3 82. g5 d3 83. g6 d2 84. Ra1 Kb3 85. Kf6 Kb2 0-1

[Event "Heart of Finland op 21st"]
[Site "Jyvaskyla"]
[Date "2011.07.14"]
[Round "5"]
[White "Jantti, Petri"]
[Black "Valli, Frans"]
[Result "0-1"]
[WhiteElo "2099"]
[BlackElo "2242"]
[PlyCount "56"]
[EventDate "2011.07.11"]
[EventType "swiss"]
[EventRounds "9"]
[EventCountry "FIN"]
[SourceTitle "CBM 143 Extra"]
[Source "ChessBase"]
[SourceDate "2011.08.29"]
[SourceVersion "1"]
[SourceVersionDate "2011.08.29"]
[SourceQuality "1"]

1. d4 d5 2. Nf3 Nf6 3. c4 c6 4. Nc3 e6 5. Qd3 dxc4 6. Qxc4 b5 7. Qd3 a6 8. g3 c5 9. Bg2 Bb7 10. 0-0 Nbd7 11. b3 cxd4 12. Qxd4 Bc5 13. Qh4 Rc8 14. Bb2 0-0 15. Rac1 Qb6 16. e3 Rfd8 17. g4 Bxf3 18. Bxf3 Ne5 19. Be2 Rd2 20. Ba1 Rxe2 21. Qg3 Rxe3 22. fxe3 Bxe3+ 23. Kg2 Bxc1 24. Qxe5 Nxg4 25. Nd5 Nxe5 26. Nxb6 Rc2+ 27. Kg3 Be3 28. Bxe5 Bxb6 0-1

[Event "Heart of Finland op 18th"]
[Site "Jyvaskyla"]
[Date "2008.07.15"]
[Round "6"]
[White "Jarvinen, Seppo"]
[Black "Jantti, Petri"]
[Result "0-1"]
[WhiteElo "1891"]
[BlackElo "2119"]
[PlyCount "108"]
[EventDate "2008.07.12"]
[EventType "swiss"]
[EventRounds "9"]
[EventCountry "FIN"]
[SourceTitle "CBM 125 Extra"]
[Source "ChessBase"]
[SourceDate "2008.09.01"]
[SourceVersion "1"]
[SourceVersionDate "2008.09.01"]
[SourceQuality "1"]

1. Nf3 d5 2. d4 c6 3. g3 Nf6 4. Bg2 Bf5 5. 0-0 e6 6. b3 Nbd7 7. Nbd2 h6 8. c4 Be7 9. Bb2 0-0 10. Ne5 a5 11. Re1 a4 12. e4 dxe4 13. Nxd7 Nxd7 14. Bxe4 Bxe4 15. Rxe4 Qa5 16. Re3 Bg5 17. f4 Be7 18. Qe2 Qf5 19. Re1 axb3 20. axb3 Ra2 21. Bc3 Rfa8 22. Qd3 Qxd3 23. Rxd3 Bf6 24. Ne4 Rc2 25. Rd2 Raa2 26. Ree2 Rc1+ 27. Kg2 Rxd2 28. Rxd2 Be7 29. Bb2 Re1 30. Kf3 g5 31. fxg5 hxg5 32. Re2 g4+ 33. Kf2 Rd1 34. Rd2 Rh1 35. Kg2 Re1 36. Nf2 f5 37. d5 cxd5 38. cxd5 e5 39. d6 Bg5 40. Rc2 Kf7 41. Nd3 Re3 42. Bc1 Rxd3 43. Bxg5 Rxd6 44. h3 gxh3+ 45. Kxh3 Ke6 46. Kg2 Rd3 47. b4 Rd4 48. Rb2 Nf6 49. Bxf6 Kxf6 50. Kf3 Kg5 51. b5 Rd3+ 52. Kf2 Kg4 53. b6 Rxg3 54. Rb5 Rf3+ 0-1

[Event "Heart of Finland op 18th"]
[Site "Jyvaskyla"]
[Date "2008.07.13"]
[Round "3"]
[White "Wallin, Aleksi"]
[Black "Jantti, Petri"]
[Result "1-0"]
[WhiteElo "1887"]
[BlackElo "2119"]
[PlyCount "81"]
[EventDate "2008.07.12"]
[EventType "swiss"]
[EventRounds "9"]
[EventCountry "FIN"]
[SourceTitle "CBM 125 Extra"]
[Source "ChessBase"]
[SourceDate "2008.09.01"]
[SourceVersion "1"]
[SourceVersionDate "2008.09.01"]
[SourceQuality "1"]

1. Nf3 Nf6 2. c4 e6 3. d4 d5 4. g3 dxc4 5. Bg2 a6 6. 0-0 b5 7. Ne5 Nd5 8. e4 Nf6 9. a4 Bb7 10. b3 cxb3 11. Bb2 Nbd7 12. axb5 axb5 13. Rxa8 Qxa8 14. Nxd7 Nxd7 15. d5 Nc5 16. dxe6 Nxe6 17. Nc3 c6 18. Qxb3 Bc5 19. Ra1 Qd8 20. e5 Nd4 21. Qd1 0-0 22. Ne4 Ne6 23. Qg4 Kh8 24. Rd1 Qe7 25. Nd6 Rd8 26. Qf5 Kg8 27. Qd3 g6 28. h4 Bb6 29. Qf3 Ba8 30. Ne4 Rxd1+ 31. Qxd1 Nc5 32. Nf6+ Kf8 33. Nxh7+ Kg8 34. Nf6+ Kf8 35. Qd2 Qe6 36. Be4 Kg7 37. Qe3 Qc4 38. h5 gxh5 39. Qg5+ Kf8 40. Qg8+ Ke7 41. Qe8# 1-0

[Event "FIN-chT1B 0405"]
[Site "Finland"]
[Date "2004.11.14"]
[Round "5.4"]
[White "Jantti, Petri"]
[Black "Korhonen, Pasi"]
[Result "1-0"]
[WhiteElo "2115"]
[BlackElo "2098"]
[PlyCount "65"]
[EventDate "2004.09.18"]
[EventType "team-tourn"]
[EventRounds "7"]
[EventCountry "FIN"]
[SourceTitle "EXT 2022"]
[Source "ChessBase"]
[SourceDate "2021.10.06"]
[SourceVersion "1"]
[SourceVersionDate "2021.10.06"]
[SourceQuality "1"]
[WhiteTeam "Mikkeli SK"]
[BlackTeam "Helsinki I-HSK"]
[WhiteTeamCountry "FIN"]
[BlackTeamCountry "FIN"]

1. d4 Nf6 2. c4 c5 3. d5 b5 4. cxb5 a6 5. b6 Qxb6 6. Nc3 d6 7. Nf3 g6 8. Nd2 Bg7 9. e4 Nbd7 10. Nc4 Qc7 11. Be2 0-0 12. 0-0 Nb6 13. Ne3 Bd7 14. a4 Rfb8 15. f4 Be8 16. a5 Nc8 17. Nc4 Bb5 18. e5 Ne8 19. e6 fxe6 20. dxe6 Bxc4 21. Bxc4 Rb4 22. Nd5 Qb7 23. Nxb4 Qxb4 24. Ra4 Bd4+ 25. Kh1 Qb7 26. f5 Nf6 27. fxg6 hxg6 28. Bd3 Kg7 29. Qd2 Qc6 30. Qh6+ Kg8 31. Qxg6+ Kh8 32. Rxf6 exf6 33. Qh7# 1-0

[Event "FIN-chT1B 0405"]
[Site "Finland"]
[Date "2004.10.09"]
[Round "3.3"]
[White "Jantti, Petri"]
[Black "Kivipelto, Kaj Erik"]
[Result "0-1"]
[WhiteElo "2115"]
[BlackElo "2212"]
[PlyCount "50"]
[EventDate "2004.09.18"]
[EventType "team-tourn"]
[EventRounds "7"]
[EventCountry "FIN"]
[SourceTitle "EXT 2022"]
[Source "ChessBase"]
[SourceDate "2021.10.06"]
[SourceVersion "1"]
[SourceVersionDate "2021.10.06"]
[SourceQuality "1"]
[WhiteTeam "Mikkeli SK"]
[BlackTeam "Helsinki KS 58"]
[WhiteTeamCountry "FIN"]
[BlackTeamCountry "FIN"]

1. e4 Nf6 2. e5 Nd5 3. d4 d6 4. Nf3 Nb6 5. c4 g6 6. Nc3 Bg7 7. exd6 cxd6 8. h3 0-0 9. Be3 Nc6 10. b3 e5 11. Be2 exd4 12. Nxd4 Qf6 13. Ndb5 a6 14. Bxb6 axb5 15. Rc1 Qxc3+ 16. Rxc3 Bxc3+ 17. Kf1 Rxa2 18. Be3 Ra1 19. Bc1 Nd4 20. g3 Re8 21. Bd3 Re1+ 22. Qxe1 Bxe1 23. Bb2 Rd1 24. Kg2 Rxd3 25. Rxe1 Be6 0-1

[Event "Kuopio We KSY op"]
[Site "Kuopio"]
[Date "2004.04.04"]
[Round "4"]
[White "Jantti, Petri"]
[Black "Hartio, Ilkka"]
[Result "0-1"]
[WhiteElo "2078"]
[BlackElo "2103"]
[PlyCount "57"]
[EventDate "2004.04.03"]
[EventType "swiss"]
[EventRounds "5"]
[EventCountry "FIN"]
[SourceTitle "EXT 2009"]
[Source "ChessBase"]
[SourceDate "2008.11.26"]
[SourceVersion "1"]
[SourceVersionDate "2008.11.26"]
[SourceQuality "1"]

1. d4 Nf6 2. Nf3 g6 3. c4 Bg7 4. Nc3 d5 5. Qb3 dxc4 6. Qxc4 0-0 7. e4 Bg4 8. Be3 Nc6 9. 0-0-0 Na5 10. Qa4 c6 11. Qc2 b5 12. b3 Rc8 13. Bd3 Qc7 14. e5 Nd7 15. Kb1 a6 16. Be4 Nb6 17. h3 Bd7 18. h4 b4 19. Ne2 Nd5 20. h5 Nxe3 21. fxe3 c5 22. hxg6 fxg6 23. Rc1 Bf5 24. Bxf5 Rxf5 25. Nf4 c4 26. bxc4 b3 27. axb3 Nxb3 28. Qf2 Rb8 29. Kc2 0-1

[Event "Kuopio We KSY op"]
[Site "Kuopio"]
[Date "2004.04.03"]
[Round "2"]
[White "Jantti, Petri"]
[Black "Karttunen, Mika"]
[Result "0-1"]
[WhiteElo "2078"]
[BlackElo "2414"]
[PlyCount "42"]
[EventDate "2004.04.03"]
[EventType "swiss"]
[EventRounds "5"]
[EventCountry "FIN"]
[SourceTitle "EXT 2009"]
[Source "ChessBase"]
[SourceDate "2008.11.26"]
[SourceVersion "1"]
[SourceVersionDate "2008.11.26"]
[SourceQuality "1"]

1. e4 c5 2. Nf3 e6 3. c4 Nc6 4. d4 cxd4 5. Nxd4 Nf6 6. Nc3 Bb4 7. Nxc6 bxc6 8. Bd3 e5 9. 0-0 0-0 10. Na4 d5 11. exd5 e4 12. Be2 cxd5 13. a3 Bd6 14. cxd5 Nxd5 15. g3 Bb7 16. Bc4 Be7 17. Qe2 Qd7 18. Bb5 Qf5 19. Bd2 Nf6 20. Rac1 Qh3 21. Bc6 Ba6 0-1

[Event "Kuopio We KSY op"]
[Site "Kuopio"]
[Date "2004.04.03"]
[Round "3"]
[White "Lahti, Jouko"]
[Black "Jantti, Petri"]
[Result "1-0"]
[WhiteElo "2000"]
[BlackElo "2078"]
[PlyCount "67"]
[EventDate "2004.04.03"]
[EventType "swiss"]
[EventRounds "5"]
[EventCountry "FIN"]
[SourceTitle "EXT 2009"]
[Source "ChessBase"]
[SourceDate "2008.11.26"]
[SourceVersion "1"]
[SourceVersionDate "2008.11.26"]
[SourceQuality "1"]

1. e4 c5 2. Nf3 e6 3. b3 Nc6 4. Bb2 Nf6 5. e5 Nd5 6. g3 Be7 7. Bg2 f5 8. exf6 Nxf6 9. 0-0 0-0 10. c4 Qc7 11. d3 e5 12. Ng5 h6 13. Ne4 d6 14. Nbd2 Be6 15. Nxf6+ Bxf6 16. Ne4 Be7 17. Qh5 Qd7 18. Qe2 Rf7 19. f4 exf4 20. Rxf4 Rxf4 21. gxf4 Rf8 22. Rf1 d5 23. Ng3 dxc4 24. dxc4 Bf6 25. Bxf6 Rxf6 26. Kh1 Nd4 27. Qe5 b6 28. f5 Nxf5 29. Nh5 Rf8 30. Nf4 Bf7 31. Be4 Nd4 32. Rg1 Be8 33. Nd5 Nf3 34. Ne7+ 1-0

[Event "Rilton Cup 33rd"]
[Site "Stockholm"]
[Date "2004.01.05"]
[Round "9"]
[White "Eriksson, Jorgen"]
[Black "Jantti, Petri"]
[Result "1-0"]
[WhiteElo "2217"]
[BlackElo "2087"]
[PlyCount "69"]
[EventDate "2003.12.27"]
[EventType "swiss"]
[EventRounds "9"]
[EventCountry "SWE"]
[SourceTitle "CBM 097 Extra"]
[Source "ChessBase"]
[SourceDate "2004.01.13"]
[SourceVersion "1"]
[SourceVersionDate "2004.01.13"]
[SourceQuality "1"]

1. d4 Nf6 2. Bg5 d5 3. Nd2 Nbd7 4. e3 e5 5. dxe5 Nxe5 6. Ngf3 Bd6 7. c4 Be6 8. Qa4+ c6 9. cxd5 Bxd5 10. e4 Be6 11. Be2 Qc7 12. Bxf6 gxf6 13. Nd4 Bd7 14. Nf5 Bxf5 15. exf5 Rg8 16. g3 a6 17. f4 Nd7 18. Qe4+ Be7 19. Nb3 Nb6 20. 0-0-0 Nd5 21. Kb1 b5 22. Rc1 0-0-0 23. Bf3 Kb7 24. Rxc6 Kxc6 25. Rc1+ Kb7 26. Rxc7+ Kxc7 27. a4 Rge8 28. axb5 axb5 29. Qd3 Nb4 30. Qxb5 Rb8 31. Qc4+ Kd7 32. Qxf7 Rec8 33. Qe6+ Kd8 34. Nd4 Rc7 35. Qg8+ 1-0

[Event "Heart of Finland op 13th"]
[Site "Jyvaskyla"]
[Date "2003.??.??"]
[Round "4"]
[White "Hentunen, Asko"]
[Black "Jantti, Petri"]
[Result "1-0"]
[WhiteElo "2324"]
[BlackElo "2087"]
[PlyCount "41"]
[EventDate "2003.07.09"]
[EventType "swiss"]
[EventRounds "9"]
[EventCountry "FIN"]
[SourceTitle "EXT 2005"]
[Source "ChessBase"]
[SourceDate "2004.11.15"]
[SourceVersion "1"]
[SourceVersionDate "2004.11.15"]
[SourceQuality "1"]

1. c4 Nf6 2. g3 e5 3. Bg2 Nc6 4. Nc3 Bc5 5. e3 d6 6. Nge2 a6 7. d4 Ba7 8. 0-0 0-0 9. h3 Re8 10. Kh2 Rb8 11. Qd3 Bd7 12. a3 b5 13. b4 Qc8 14. cxb5 axb5 15. d5 Ne7 16. Bb2 Ng6 17. Rac1 e4 18. Nxe4 Nxe4 19. Bxe4 Bxh3 20. Rh1 Qg4 21. Bxg6 1-0

[Event "Heart of Finland op 13th"]
[Site "Jyvaskyla"]
[Date "2003.??.??"]
[Round "2"]
[White "Jantti, Petri"]
[Black "Molander, Riku"]
[Result "0-1"]
[WhiteElo "2087"]
[BlackElo "2291"]
[PlyCount "66"]
[EventDate "2003.07.09"]
[EventType "swiss"]
[EventRounds "9"]
[EventCountry "FIN"]
[SourceTitle "EXT 2005"]
[Source "ChessBase"]
[SourceDate "2004.11.15"]
[SourceVersion "1"]
[SourceVersionDate "2004.11.15"]
[SourceQuality "1"]

1. d4 Nf6 2. c4 e6 3. Nf3 d5 4. Nc3 Nbd7 5. Bg5 c6 6. e3 Qa5 7. Nd2 Bb4 8. Qc2 0-0 9. Be2 e5 10. dxe5 Ne4 11. Ndxe4 dxe4 12. 0-0 Bxc3 13. bxc3 Qxe5 14. Bf4 Qf5 15. Rfd1 Re8 16. Qb3 Ne5 17. h3 h5 18. Rd6 Ng6 19. Bg3 Qg5 20. Bf1 h4 21. Bh2 Bxh3 22. Qxb7 Bxg2 23. Bxg2 h3 24. Bg3 hxg2 25. Qxc6 Rac8 26. Qd5 Qg4 27. Kxg2 Nh4+ 28. Kh2 Nf5 29. Rd7 Re6 30. Rd8+ Rxd8 31. Qxd8+ Kh7 32. Rh1 Nxg3 33. fxg3 Rh6+ 0-1

[Event "Lappeenranta We LprS op"]
[Site "Lappeenranta"]
[Date "2002.??.??"]
[Round "3"]
[White "Aijala, Jouko"]
[Black "Jantti, Petri"]
[Result "1-0"]
[WhiteElo "2151"]
[BlackElo "2087"]
[PlyCount "63"]
[EventDate "2002.07.??"]
[EventType "swiss"]
[EventRounds "5"]
[EventCountry "FIN"]
[SourceTitle "EXT 2004"]
[Source "ChessBase"]
[SourceDate "2003.11.25"]
[SourceVersion "1"]
[SourceVersionDate "2003.11.25"]
[SourceQuality "1"]

1. d4 Nf6 2. c4 g6 3. Nc3 d5 4. cxd5 Nxd5 5. e4 Nxc3 6. bxc3 Bg7 7. Bc4 c5 8. Ne2 Nc6 9. Be3 0-0 10. 0-0 Bg4 11. f3 Na5 12. Bd3 cxd4 13. cxd4 Be6 14. Rc1 Bxa2 15. d5 Bb2 16. Rc5 Ba3 17. Rb5 Bc4 18. Rxa5 Qxa5 19. Bxc4 b5 20. Bb3 Rfc8 21. Qd3 Bc5 22. Bxc5 Rxc5 23. e5 Qb6 24. Kh1 a5 25. f4 a4 26. Ba2 b4 27. f5 b3 28. Bb1 a3 29. e6 Rf8 30. fxg6 hxg6 31. Rxf7 Rxf7 32. Qxg6+ 1-0